Communication skills of guidance and counseling students : its implication to counseling (Record no. 74495)

MARC details
000 -LEADER
fixed length control field 04148nam a22002897i 4500
003 - CONTROL NUMBER IDENTIFIER
control field URS
003 - CONTROL NUMBER IDENTIFIER
control field URS
005 - DATE AND TIME OF LATEST TRANSACTION
control field 20240416181552.0
008 - FIXED-LENGTH DATA ELEMENTS--GENERAL INFORMATION
fixed length control field 170116b xxu||||| |||| 00| 0 eng d
040 ## - CATALOGING SOURCE
Original cataloging agency URS
Language of cataloging eng
Description conventions rda
041 ## - LANGUAGE CODE
Language code of text/sound track or separate title eng
050 00 - LIBRARY OF CONGRESS CALL NUMBER
Classification number P 37.5
Item number .C737 2015
245 ## - TITLE STATEMENT
Title Communication skills of guidance and counseling students : its implication to counseling
Statement of responsibility, etc. Bernadette E. Marnelego... [et al.].
260 ## - PUBLICATION, DISTRIBUTION, ETC.
Date of publication, distribution, etc. 2015
300 ## - PHYSICAL DESCRIPTION
Extent 70 leaves :
Other physical details illustrations ;
Dimensions 28 cm.
336 ## - CONTENT TYPE
Content type term text
Content type code txt
Source rdacontent
337 ## - MEDIA TYPE
Media type term unmediated
Media type code n
Source rdamedia
338 ## - CARRIER TYPE
Carrier type term volume
Carrier type code nc
Source rdacarrier
502 ## - DISSERTATION NOTE
Degree type Thesis (Bachelor of Science in Guidance and Counseling) -- University of Rizal System-Morong.
520 ## - SUMMARY, ETC.
Summary, etc. EXECUTIVE SUMMARY: This study entitled Communication Skills of Guidance and Counseling students: Its Implication to Counseling', aimed to determine the communication skills of guidance and counseling students and its implication to counseling during school year 2013-2014. The subjects of the study were sixty (60) guidance and counseling students at the University of Rizal System Morong Campus, as the setting of the study. The subjects were described using their profile such as gender, religion, monthly family income, parental status and year level. They also served as the respondents, since the researchers believed that they could supply information necessary in the success of this study. This study is limited to guidance and counseling students of College of Science. This study used the descriptive method of research utilizing the researchers made questionnaire-checklist validated by the experts and administered to the respondents to gather the needed data. For the analysis and interpretation of data, the following statistical treatments were considered. To determine the profile of the respondents in terms of gender, religion, monthly family income, parental status, and year level, frequency, percentage and rank distribution were used. To determine the extent to communication skills of the students with respect to different aspect mean was utilized. To determine the extent of the implication of communication skills with respect to different aspects, means was used. To find the significant difference on the extent of communication skills with respect to different factors in terms of their profile ANOVA was employed. To find the significant relationship between the communication skills and the implication to counseling, Correlation coefficient, Pearson-r was utilized. The summary of findings based from the analysis of data and results obtained in the previous chapter are hereby presented. Based on the results obtained, the following conclusions were cited: Gender, religion, monthly family income and parental status are not contributory to the communication skills of guidance and counseling students. The communications skills of guidance and counseling students are well-developed and improving. The communication skills of the students are really necessary in making reports, interview, making feedback and interpretation of results. The profile of the respondents does not significantly affect the communication skills in counseling. Communication skills are connected to guidance and counseling procedures. On the basis of foregoing findings and conclusions, the following recommendations are hereby offered. Workshops, seminars and trainings on communication skills must be conducted to improve the communication ability of the students. Conduct different counseling sessions or activities in order for them to become a good communicator and to become an effective and efficient future guidance counselor. Continuous peer counselors' training to all guidance and counseling students must be conducted to improve counseling skills. Parallel study may be conducted using other variables.
650 ## - SUBJECT ADDED ENTRY--TOPICAL TERM
Topical term or geographic name entry element Communication.
700 1# - ADDED ENTRY--PERSONAL NAME
Personal name Belano, Jemina DS.
Relator term author
700 1# - ADDED ENTRY--PERSONAL NAME
Personal name Vista, Froilan Jr. G.
Relator term author
700 1# - ADDED ENTRY--PERSONAL NAME
Personal name Villaos, John Kenneth M.
Relator term author
856 ## - ELECTRONIC LOCATION AND ACCESS
Materials specified Online Request for Student Unpublished Works
Uniform Resource Identifier <a href="https://forms.gle/7LqvGGkaDrUQqz429">https://forms.gle/7LqvGGkaDrUQqz429</a>
942 ## - ADDED ENTRY ELEMENTS (KOHA)
Source of classification or shelving scheme Library of Congress Classification
Koha item type Theses and dissertations

No items available.

University of Rizal System
Email us at univlibservices@urs.edu.ph

Visit our Website www.urs.edu.ph/library